000 00835nam a2200253Ia 4500
003 OSt
005 20220923215112.0
006 a|||||r|||| 00| 0
007 ta
008 220922b |||||||| |||| 00| 0 hin d
024 _a175,594
037 _cTextual
040 _aARTS
_cARTS
_bhin
041 _2hin
_ahin
082 _aO152,1x, H9
100 _aवर्मा, रामकुमार
245 0 _aआधुनिक काव्य संग्रह
246 _aĀdhunik kāvya sangraha
260 _aप्रयाग
_b हिन्दी साहित्य सम्मेलन
_c1949
300 _a168 पृ.
_ccm.
650 _aहिन्दी साहित्य
_9156264
942 _hO152,1x, H9
_cTEXL
_2CC
999 _c329298
_d329298